[Event "Magnus Carlsen Chess Tour Finals benefi"]
[Site "?"]
[Date "2020.08.14"]
[Round "30.1"]
[White "Carlsen, Magnus"]
[Black "Nakamura, Hikaru"]
[Result "0-1"]
[WhiteElo "2881"]
[BlackElo "2829"]
[EventDate "2020.??.??"]
[Annotator "Bojkov,Dejan"]
[PlyCount "112"]
[Beauty "6598701357098"]
[EventType "simul"]
[EventRounds "2"]

1.d4 Nf6 2.c4 e6 3.Nf3 d5 4.Nc3 dxc4 5.e4 b5 {A very fresh line which was tried on a couple of occasions by Caruana. Apparently Nakamura liked the idea and decided to give it a try.} 6.e5 Nd5 7.Nxb5 Nb6 8.a3 $146 ( {The latest top-level game went:} 8.a4 a5 9.Be2 Be7 10.O-O Nc6 11.Be3 Ba6 12.Nd2 O-O 13.Nxc4 Nd5 14.Nc3 Ncb4 {Fedoseev,V (2678)-Xiong,J (2709) chess.com INT 2020} ) ( {Whereas the two Caruana games saw him holding steady after:} 8.Be2 Nc6 9.O-O Be7 10.Qd2 ( 10.Be3 O-O 11.Nc3 Rb8 12.a3 Bb7 13.Qc2 Na5 {Mamedyarov,S (2801)-Caruana,F (2822) Saint Louis 2018} ) 10...Bb7 11.Rd1 Qd7 12.Nc3 Nb4 {Ding,L (2805) -Caruana,F (2818) Saint Louis 2019} ) 8...Nc6 9.Be3 Na5 {Played after some hesitation. The knight is protecting the c4-pawn and is ready to jump on b3 at the right moment.} ( {The knight had rich maneuvering field:} 9...Ne7 10.Nc3 Bb7 {Intending Ne7-d5 or Ne7-f5 was also interesting although White seems better after:} 11.Nd2 ) 10.Qc2 {The opening is over and Nakamura has a few weaknesses to worry about. But the c4-pawn is also a strength that cramps the white bishop and secures an excellent outpost for the knight.} 10...a6 {Not only chases the knight back home, but deprives the queen of the c3-square.} ( {In case of the obvious development:} 10...Bb7 {White can try:} 11.Qc3 Nb3 12.Rd1 {With advantage as the white knight is not in imminent danger on b5:} 12...c6 ( {Not:} 12...a6 13.Bxc4 ) 13.Bg5 $1 ( {But not:} 13.Bxc4 $2 Nxc4 14.Qxc4 Na5 ) 13...Qd7 14.Nd6+ Bxd6 15.exd6 Qxd6 16.Bxc4 {with an edge for White.} ) 11.Nc3 Be7 12.Rd1 {Carlsen delays the development of his kingside.} ( {More natural seems:} 12.Be2 Bb7 13.O-O {but the Norwegian has an idea on his mind.} ) 12...Bb7 13.Be2 Qd7 14.h4 $5 {The point! The rook is entering the battle the French way.} ( {Also possible was:} 14.O-O O-O 15.Nd2 ) 14...Bc6 {Logically, Nakamura is looking for a queenside play.} ( 14...O-O-O $5 ) 15.Rh3 Rb8 16.Rg3 Ba4 {The only drawback of the plan- Black needs to surrender the bishop pair.} 17.Nxa4 Qxa4 18.Rc1 {Another clever idea by the world champion.} ( {Perhaps it was better to keep the queens alive with:} 18.Qc1 $5 Nb3 19.Qb1 g6 20.Bh6 {with chances for kingside attack.} ) 18...Nb3 19.Rxg7 $1 {The black king remained in the center too long and White wants this to continue indefinitely.} ( {It was not too late to switch back to the line from above:} 19.Rd1 Nc5 20.Qc1 ) 19...Nxc1 20.Qxc1 c3 $1 {Black needs air for his major pieces too!} ( {The other way to generate counterplay was:} 20...Nd5 $1 21.Bxc4 Nxe3 22.fxe3 Kf8 23.Rg3 Rg8 {and this might have been the more practical decision as Black is removing more attackers at once.} ) 21.Qxc3 Nd5 22.Qc1 Nxe3 {An important attacker is removed.} 23.fxe3 Kf8 24.Rg4 Qb3 ( {Or else Black loses too many pawns:} 24...Rg8 25.Rxg8+ Kxg8 26.Qxc7 Qe8 ) 25.Qxc7 Qxb2 26.Kf2 {An obivious move, which however, misses a super-blow!} ( {The sudden breakthrough:} 26.d5 $3 {Would have led to huge advantage for Carlsen as:} 26...exd5 27.e6 $1 {exposes the black king too much and it fails prey to the white pieces after:} 27...fxe6 28.Rf4+ Ke8 29.Qc6+ Kd8 30.Ng5 ( 30.Nd4 $1 {would also do.} ) 30...Bxg5 31.Qd6+ Kc8 ( 31...Ke8 32.Bh5# ) 32.Qxe6+ Kd8 33.Qxd5+ Kc7 34.Rc4+ Kb6 35.Qc5+ Kb7 36.Bf3# ) 26...Qb7 27.Qa5 Rg8 28.Rf4 {Carlsen pushes his opponent further to the ropes.} ( {Instead:} 28.Rxg8+ Kxg8 29.Qxa6 Qxa6 30.Bxa6 Ra8 {would have been just equal.} ) 28...Qc6 29.Qd2 h6 30.Qd3 Rg7 31.Qxa6 {Nothing much to be done, so this pawn is captured.} 31...Qxa6 32.Bxa6 Rb2+ $1 {This is more accurate than the immediate recapture.} ( {Or:} 32...Bxa3 33.Ne1 ) 33.Be2 Bxa3 {And a clear indicator that Nakamura also wants to win!} ( {An easy draw would have been achieved with:} 33...Rxg2+ 34.Kxg2 Rxe2+ 35.Kg3 Rxe3 36.a4 Ra3 ) 34.g4 Be7 35.Re4 {A strange move. Or maybe just a demonstration that there is not much to be done?} ( {Both:} 35.h5 ) ( {And:} 35.Kf1 {are more useful.} ) 35...Rg8 36.Rf4 Kg7 37.g5 {Carlsen decided to force the draw.} 37...hxg5 38.Nxg5 Bxg5 39.hxg5 {But tragically missed an important detail.} ( {A fortress would have been achieved by the neat:} 39.Rg4 $1 Kh6 40.Rxg5 Rxg5 41.hxg5+ Kxg5 42.Kf3 ) 39...Rh8 $1 {This is it! The rooks are extremely active and soon mop all the white pawns.} 40.Kf3 ( {Since the passive defense:} 40.Ke1 Rh2 41.Bd1 Rb1 {is doomed to failure.} ) 40...Rh3+ 41.Kg4 Rxe3 {Nakamura won a key pawn and was merciless until the end:} 42.Bf3 Rd2 43.Kh4 Red3 44.d5 exd5 45.Rf6 Re3 46.Rf5 Rd4+ 47.Kh5 Rb4 48.e6 fxe6 49.Rf6 Re5 50.Rg6+ Kf7 51.Rf6+ Ke7 52.Kh6 Rb8 53.Rf4 Rf8 54.Rxf8 Kxf8 55.g6 Kg8 56.g7 Re1 0-1

[Event "Magnus Carlsen Chess Tour Finals benefi"]
[Site "?"]
[Date "2020.08.15"]
[Round "36.1"]
[White "Carlsen, Magnus"]
[Black "Nakamura, Hikaru"]
[Result "0-1"]
[WhiteElo "2881"]
[BlackElo "2829"]
[EventDate "2020.??.??"]
[Annotator "Bojkov,Dejan"]
[PlyCount "90"]
[Beauty "7289654219350"]
[EventType "simul"]
[EventRounds "2"]

1.d4 Nf6 2.c4 e6 3.Nf3 d5 4.Nc3 dxc4 5.e4 b5 6.e5 Nd5 7.Nxb5 Nb6 {The new episode of the opening discussion. Nakamura comes well prepared and does not mind repeating yesterday's result...} 8.a4 ( {Yesterday we witnessed:} 8.a3 Nc6 9.Be3 Na5 {Carlsen,M (2881)-Nakamura,H (2829) Magnus Carlsen Chess Tour Finals benefi 2020} ) 8...Qd7 {N This time Nakamura comes with a novelty.} ( {The other way to prevent the a4-a5 advance is to block it mechanically with:} 8...a5 9.Be2 Be7 10.O-O Nc6 11.Be3 Ba6 12.Nd2 O-O 13.Nxc4 Nd5 14.Nc3 Ncb4 {as in Fedoseev,V (2678)-Xiong,J (2709) chess. com INT 2020} ) 9.Be2 Nc6 10.O-O Na5 {The point behind Black's novelty. The a5-square is available for his knight.} 11.Ng5 {Carlsen wants to push the f-pawn as soon as possible.} 11...h6 12.Ne4 {This makes use of the fact that his opponent did not have the time to develop the bishop on the long diagonal yet.} 12...Bb7 13.Nc5 Bxc5 14.dxc5 Nd5 15.Ra3 {Just like yesterday, Carlsen lifts a rook along the third rank. This time the queenside rook. Did I mention that the players were still blitzing?} 15...a6 16.Nd4 Ne7 {The first "heavy" (1 minute) thought by Black. Nakamura opens the d-file for his pieces, especially the d5 square.} ( {Notice that:} 16...O-O $2 {Is the classical case of "castling into it":} 17.Rg3 Kh7 18.Bxh6 $1 gxh6 19.Qc2+ Kh8 20.Qd2 Kh7 21.Rh3 {with inevitable mate.} ) 17.Qd2 {Carlsen switches to the attack of the weakness on c4.} ( {His original kingside idea:} 17.Rg3 {is repelled with a queen swap:} 17...Nac6 18.Nxc6 Qxd1 19.Rxd1 Bxc6 20.Rxg7 Bxa4 {with equality.} ) 17...Qd5 {Forcing the play.} ( {Also interesting was:} 17...O-O-O 18.Qxa5 Qxd4 {Intending to meet:} 19.Bf3 {With either:} 19...Nc6 ( {Or the more enterprising:} 19...Rd5 $5 ) ) 18.Rg3 Qxc5 19.b4 {Carlsen is looking for a way to bring his queenside bishop in the action, but that comes with more pawn costs.} ( {On the other hand, the development of the kingside initiative:} 19.Qf4 Nd5 20.Qh4 {Is easily stopped with the same queen swap:} 20...Qe7 21.Qxe7+ Nxe7 22.Rxg7 c5 23.Nc2 Ng6 {with unclear play where Black should not experience any difficulties.} ) 19...cxb3 20.Ba3 {White is trying to get the opponent's king under cross-fire in the center.} ( {The powerful queen centralization keeps Black out of any trouble in the line:} 20.Nxb3 Nxb3 21.Rxb3 Qd5 ) 20...Qxa3 21.Qxa5 Bd5 {While Nakamura defends the b3-pawn.} 22.Rxg7 ( {Objectively best was to regain part of the material:} 22.Nxb3 Bxb3 23.Bd1 Rb8 24.Qc3 O-O {although suffering down a pawn obviously was not what White's was wishing for.} ) 22...c5 23.Bh5 {Time to throw the kitchen sink at the black king!} ( {If the knight retreats:} 23.Nf3 Qb4 $1 {is decisive.} ) 23...cxd4 24.Rxf7 Kd7 {But Nakamura is not impressed. There simply are not enough attackers!} 25.Bg4 Kc6 $1 ( {Sill, better watch out for those pins:} 25...Rhg8 $4 26.Qxd5+ ) 26.Bxe6 Bxe6 27.Rf6 Kd7 28.Qb6 {Now Black has an only move, but an obvious one:} 28...Bd5 ( {White wins if the b7 square is undefended:} 28...Nc6 $2 29.Qb7+ ) ( {Or:} 28...Bc4 $2 29.Qb7+ ) 29.Rd6+ Ke8 30.Rxd5 {The black king is getting more and more exposed, but there is just one queen left now...} 30...Nxd5 31.Qc6+ Ke7 32.Qb7+ Ke6 ( {Avoiding:} 32...Nc7 33.Qxc7+ Ke6 34.Qc6+ Ke7 ( {And certainly not:} 34...Kxe5 $4 35.Re1+ Kf5 36.Qe6+ Kf4 37.g3+ Kg5 38.Re5# ) 35.Qc7+ {with perpetual.} ) 33.Qc6+ Ke7 {Now after two-fold repetition:} 34.Qb7+ Ke6 35.Qc6+ Kf5 $1 {Nakamura escapes the checks and wins.} 36.Qxd5 Qe7 37.e6+ ( {[The out-of-this-world move} 37.Rc1 $3 {draws here, e.g.} 37...b2 ( 37...Rhc8 38.Qf3+ Kg6 39.Qg4+ Kh7 ( 39...Qg5 40.Qe6+ Kg7 41.Qd7+ ) 40.Qf5+ Kg7 41.Qg4+ ) 38.Qf3+ Kg6 39.Rc6+ Kg7 40.Qg4+ Kf8 41.Qf5+ Ke8 42.Qg6+ Kd7 43.Rd6+ Kc8 44.Rc6+ {- ed.]} ) 37...Kg6 38.Qe4+ Kg7 39.Qxd4+ ( {Nothing changes:} 39.Qg4+ Qg5 40.Qxd4+ Qf6 ) 39...Kg8 40.Qg4+ Qg7 41.Qc4 b2 42.f4 ( {Or:} 42.e7+ Qf7 43.Qg4+ Kh7 {winning.} ) 42...Rb8 43.Qe4 Rh7 44.Rb1 Qb7 45.Qe2 Rc7 0-1

[Event "Magnus Carlsen Chess Tour Finals benefi"]
[Site "?"]
[Date "2020.08.19"]
[Round "64.1"]
[White "Carlsen, Magnus"]
[Black "Nakamura, Hikaru"]
[Result "1-0"]
[WhiteElo "2881"]
[BlackElo "2829"]
[EventDate "2020.??.??"]
[Annotator "Bojkov,Dejan"]
[PlyCount "81"]
[Beauty "7633234577970"]
[EventType "simul"]
[EventRounds "2"]

1.d4 Nf6 2.c4 e6 3.Nc3 Bb4 4.e3 O-O 5.Bd3 c5 6.Ne2 d5 7.a3 Bxc3+ 8.bxc3 dxc4 9.Bxc4 Qc7 {One of Nimzo-Indian tabias.} 10.Ba2 {This is Carlsen's preferred choice.} ( {The other main idea is:} 10.Bd3 b6 11.e4 Ba6 12.O-O Bxd3 13.Qxd3 Nbd7 14.f3 Rac8 15.Be3 Rfd8 16.Rfc1 {as in Yu,Y (2709)-Ding,L (2791) chess24.com INT 2020} ) 10...b6 11.O-O Ba6 12.Bb2 Nc6 13.Rc1 {[#]} 13...Rac8 $146 ( {Nakamura definitely knew the predecessor:} 13...Rfd8 14.c4 cxd4 15.exd4 Ng4 16.Ng3 Qf4 17.h3 Nf6 18.Ne2 Qh4 19.d5 {which was successful for White in Carlsen,M (2851)-Aronian,L (2780) Leuven 2017} ) 14.c4 cxd4 15.exd4 Qe7 {The queen is stepping out of the X-raying rook on c1 as Black intends to start pressuring the hanging pawns. However Carlsen goes for the standard:} 16.d5 $1 {advance, which is coupled by the not-so-standard:} 16...exd5 17.Re1 {White wants to prove that the open files are worth the pair of excellent pawns.} 17...Bxc4 {Nakamura accepts the challenge.} 18.Ng3 Qd8 19.Bb1 {Keeping the pieces on board. White will need those for the kingside attack. Carlsen's strategy becomes obvious: his own pawns no longer obstruct the bishops.} ( {In the line:} 19.Bxc4 dxc4 20.Rxc4 Qxd1 21.Rxd1 Na5 22.Rxc8 Rxc8 23.Nf5 {White has enough for the pawn, but not enough to claim advantage.} ) 19...b5 $1 {Black needs to defend the bishop to have the d5-d4 resource available. Of the two bishops, the dark-squared one is the real menace.} ( {For instance in the line:} 19...Re8 20.Qc2 g6 21.Qc3 {The pressure will soon become unbearable.} ) 20.Nf5 d4 {An important resource!} ( {Otherwise all sorts of nasty tactics may pour on Black, for instance:} 20...Re8 21.Rxe8+ Nxe8 22.Bxg7 $1 Nxg7 23.Qg4 {when White regains his piece with attack.} ) 21.Qd2 Be6 ( {The queen cannot be stopped from entering the g5-square:} 21...h6 $2 22.Nxh6+ gxh6 23.Qxh6 {loses for Black.} ) 22.Rc5 a6 {Carlsen: "Very provocative. Obviously, one of the ideas of bringing the rook to c5 is to take on g7 and if I don't take then my preceding play makes little to no sense."} ( {Nakamura said that it was "just insane" that he didn't play} 22...Bxf5 23.Bxf5 Qd6 24.Rxb5 Rcd8 {when White has compensation for a pawn, but Black is very solid.} ) 23.Nxg7 $1 Kxg7 24.Qg5+ ( 24.Bc1 $1 {Might have been even better, intending:} 24...Kh8 ( {Or:} 24...Ne7 25.Qh6+ Kg8 26.Rxc8 Bxc8 27.Qxf6 {with clear edge for White.} ) 25.Qh6 {with Rc5-h5! to follow or Bc1-g5! with a win.} ) 24...Kh8 25.Qh4 {White's attack is nevertheless huge and Black is barely holding on for dear life.} 25...Rg8 {Now Carlsen seizes the dark squares.} ( {Nakamura did consider} 25...Re8 {but after a move like} 26.h3 {There was an amazing resource though:} ( 26.Rxc6 $2 Rxc6 27.Bxd4 Bf5 $1 ) 26...Bf5 $3 {when after the massive trades:} 27.Rxe8+ Nxe8 28.Qxd8 Nxd8 29.Rxf5 Kg8 {Black should survive.} ) 26.Rxc6 $1 {Of course! Control of the dark-squares is worth the exchange.} 26...Rxc6 27.Bxd4 Kg7 ( {Even here:} 27...Bf5 $1 {is the more resilient defense intending:} 28.Bxf5 Rg6 29.Bxg6 fxg6 {True, Black should not survive after:} 30.Qe4 {though.} ) 28.Qxh7+ Kf8 29.Qh6+ Ke8 30.Bxf6 Qa5 31.Qe3 {White is winning, but a curious psychological moment took place in the game. Carlsen said he noticed that after...} 31...Qb6 {'Nakamura started shaking his head. "I guess I fell for the oldest trick in the book. I just assumed he missed..'} 32.Rd1 {'...and it's game over, but of course after...'} ( {Instead:} 32.Be4 $1 Rd6 33.Qf3 {leaves the black king exposed and he cannot survive.} ) 32...Rd6 {'I have to start all over."'} 33.Bd4 Qc6 ( {Nakamura didn't think any human would find} 33...b4 $3 34.axb4 Qxb4 35.f4 Qb3 {when it is anyone's game.} ) 34.Be4 Qc4 35.h3 {Black is still in great danger as his king will never be safe and it is very easy to commit mistakes in these positons, even with plenty of time on the clock.} 35...Kd7 36.Rd2 Re8 ( {The last chance was:} 36...Rc8 $1 37.Kh2 Qc1 {"sticking" to the white pieces.} ) 37.Kh2 ( 37.Be5 $1 {was winning on the spot, intending:} 37...Rxd2 38.Qa7+ Kc8 39.Qb7+ Kd8 40.Bf6+ Re7 41.Qxe7+ Kc8 42.Qb7# ) 37...Bd5 ( 37...Rc8 {would have been still best, albeit insufficient.} ) 38.Bf5+ {Carlsen spotted the mating idea.} 38...Be6 39.Bd3 $1 Qa4 ( 39...Qxd4 40.Bxb5+ ) 40.Be5 Rd5 41.Qa7+ 1-0

[Event "Magnus Carlsen Chess Tour Finals benefi"]
[Site "?"]
[Date "2020.08.20"]
[Round "76.1"]
[White "Carlsen, Magnus"]
[Black "Nakamura, Hikaru"]
[Result "1-0"]
[WhiteElo "2881"]
[BlackElo "2829"]
[EventDate "2020.??.??"]
[Annotator "Bojkov,Dejan"]
[PlyCount "85"]
[Beauty "7492570449416"]
[EventType "simul"]
[EventRounds "2"]

1.c4 e5 2.Nc3 Nf6 3.Nf3 Nc6 4.e3 d5 5.cxd5 Nxd5 {The Sicilian Four Knights reversed.} 6.Qc2 ( {An avid contenders of both the grandmasters preferred instead the more aggressive} 6.Bb5 Nxc3 7.bxc3 Bd6 8.d4 Bd7 9.O-O O-O 10.Nd2 Na5 11.Bd3 Re8 12.Bb2 {Caruana,F (2835)-Karjakin,S (2752) chess. com INT 2020} ) 6...Ndb4 7.Qb1 f5 8.a3 Nd5 $146 ( {Both players most likely did not know this game:} 8...e4 9.Nxe4 fxe4 10.Qxe4+ Qe7 11.Qxe7+ Bxe7 12.axb4 Nxb4 13.Ra5 {Samraoui,M-Demigha Algeria 1983} ) 9.d3 {It boiled down to the reversed Scheveningen now. A curious fact is that both Carlsen and Nakamura have been shown the secrets of this opening by Garry Kasparov himself.} 9...Be6 10.Be2 Be7 11.O-O O-O {All very natural for both sides.} ( {When playing with reversed colors the first player would often prevent central trades with} 11...Nb6 {but here after} 12.b4 a6 13.Bd1 $1 {followed by Bd1-b3 White builds some slight advantage.} ) 12.Nxd5 {This is needed to bring the b- pawn into motion.} ( 12.Bd2 {would be met with} 12...Nb6 ) 12...Bxd5 13.b4 a6 14.Bb2 Bd6 {The bishop is more useful here than on f6.} ( {White is a tad better after} 14...Bf6 15.e4 Be6 16.Bc3 Qd6 17.Re1 f4 18.a4 ) 15.e4 Be6 16.Bc3 fxe4 17.dxe4 Bg4 {Black equalized and as the world champion needs a win only he needs to find out something creative at once.} 18.Qa2+ {A good idea.} ( {In case of} 18.Rd1 Qf6 19.Qb2 Bxf3 20.Bxf3 Nd4 21.Bxd4 exd4 {the game is completely even and the overall win would go to Nakamura.} ) 18...Kh8 19.Ne1 $1 {The point behind the previous check. Carlsen keeps his good pieces alive.} 19...Bd7 $1 {So does Nakamura.} ( {After} 19...Bxe2 20.Qxe2 Qg5 21.Rd1 Qg6 22.Nd3 {White is more than willing to see} 22...Nd4 $2 23.Bxd4 exd4 24.f4 {when White's passers walk unobstructed.} ) 20.Rd1 Qf6 ( {Here} 20...Qg5 {looked more accurate, not allowing} 21.Nd3 {easily as} 21...Bh3 {forces the knight back.} ) 21.Nd3 Qh4 22.f3 {White follows the natural plan of fortifying is kingside.} ( {However, he misses an interesting way to develop the initiative with:} 22.f4 $5 exf4 23.e5 Be7 24.Nxf4 Rxf4 25.Rxd7 Rxf1+ 26.Bxf1 {with an edge for White.} ) 22...Rae8 23.g3 Qe7 24.Rf2 ( {Here} 24.Qb2 $1 {was more accurate in order to prevent Black's next move.} ) 24...Be6 $1 25.Qd2 ( {As} 25.Qb2 Bc4 {does not promise White much.} ) 25...Bb3 ( {Trickier was} 25...Bc4 $5 {First in order to provoke} 26.Nb2 {and only then} 26...Bb3 27.Rc1 Rd8 ) 26.Rc1 Rd8 {Nakamura could have played a6-a5 at once.} ( {The line} 26...a5 27.bxa5 Bxa3 28.Bb2 Ra8 29.Bxa3 Qxa3 30.Nc5 Nd4 31.Nxb7 Nxe2+ 32.Rxe2 Rxf3 {is complicated but objectively leads to equality.} ) 27.Qe3 a5 ( {Still} 27...Bc4 $5 {made good sense for Black.} ) 28.Nc5 ( {While now} 28.f4 $5 {could have put pressure on Black.} ) ( {[Carlsen called his move "a lucky blunder" as in the analysis he noticed he could take on e5 (as Bb3 will be hanging) but then Peter Leko pointed out that it's bad:} 28.Nxe5 $2 Nxe5 29.Bxe5 Bxe5 30.Qxb3 Bd4 {- ed.]} ) 28...axb4 {Black wants to trade as many pawns as he can on the queenside.} ( {However, the blockading position after:} 28...Bxc5 29.Qxc5 Qxc5 30.bxc5 a4 {is a tough nut to crack [as Carlsen pointed out as well - ed.]} ) 29.axb4 Bxc5 30.Qxc5 Qxc5 31.bxc5 Nd4 ( {Weaker was} 31...Ra8 32.f4 ) 32.Kg2 {With seconds on the clock it is impossible to calculate the right choice.} ( {Objectively} 32.Bxd4 exd4 ( 32...Rxd4 33.Rb1 {drops a pawn.} ) 33.Bd3 {was yielding White better winning chances.} ) 32...Nxe2 33.Rxe2 Rd3 34.Bxe5 {The culmination of the game and the match.} 34...Rdxf3 {Black blunders.} ( {Had he had played} 34...Bd1 $1 {White would have been forced to sacrifice the exchange:} 35.Rxd1 ( {As} 35.Rf2 Bxf3+ 36.Kg1 Kg8 37.Bxc7 Bxe4 {is a dead draw.} ) 35...Rxd1 36.Bxc7 Rc8 37.Bb6 Kg8 {which should have held the draw for Black and won the match.} ) 35.Rb2 Ba4 {Nakamura follows his idea. Once that the bishop lands on c6 Black would be doing just great.} ( {The most resilient was} 35...Rd3 36.Bxc7 Re8 {with serious drawing chances.} ) 36.Rxb7 R3f7 {A sad necessity.} ( {It was probably here that Black realized that} 36...Bc6 {is tactically refuted by} 37.Bxg7+ $1 Kxg7 38.Rxc7+ ) 37.c6 $1 {The bishop will never make it to c6. Instead the white c-passer will soon promote.} 37...h5 38.Bxc7 Kh7 39.Bd6 Rf2+ 40.Kg1 R8f6 41.c7 Bd7 42.Bf4 ( {Or} 42.Be5 Rf7 43.Bf4 ) 42...Bc8 43.Rb8 1-0